00770 a2200253 4500240007800000260001400078111001800092630001800110111001200128037001300140650003900153260001100192245010200203300001100305650001500316260000900331300000900340100000700349440002300356110003700379710001100416037001100427111007800438 aPhysiologie et psychologie en milieu aride : actes du colloque de Lucknow aBruxelles d07-13/12/1962 a57 - Biologie cLucknow b1, Achat a5 - SCIENCES EXACTES ET NATURELLES bUnesco aEnvironmental physiology and psychology in arid conditions : proceedings of the Lucknow Symposium a400 p. aZone aride c1964 b28cm lEn aArid zone research aCentral Drug Research Institute  aUnesco aS 4401 aSymposium on physiology and psychology in arid and semi-arid conditions